[Event "Sochi ChessAmateur op"]
[Site "Sochi"]
[Date "2018.04.07"]
[Round "9"]
[White "Binder, Oleg"]
[Black "Pashkov, Vladimir M"]
[Result "0-1"]
[WhiteElo "1609"]
[BlackElo "1889"]
[PlyCount "86"]
[EventDate "2018.04.01"]
[EventType "swiss"]
[EventRounds "9"]
[EventCountry "RUS"]
[SourceTitle "CBM 184 Extra"]
[Source "ChessBase"]
[SourceDate "2018.06.28"]
[SourceVersion "1"]
[SourceVersionDate "2018.06.28"]
[SourceQuality "1"]

1. d4 d5 2. Bg5 Nf6 3. Nc3 e6 4. a3 Be7 5. Nf3 h6 6. Bh4 Nbd7 7. e3 0-0 8. Bd3 c5 9. dxc5 Nxc5 10. Be2 b6 11. 0-0 Bb7 12. h3 Nce4 13. Nxe4 Nxe4 14. Bxe7 Qxe7 15. Bd3 Rfd8 16. Qe2 Nc5 17. Qd2 e5 18. Nh2 Rac8 19. Rfc1 Qf6 20. b3 Rc7 21. Rab1 h5 22. Qe1 Re7 23. Qf1 d4 24. exd4 Nxd3 25. cxd3 Rxd4 26. Rc4 Red7 27. Rxd4 Rxd4 28. Qe2 Qg6 29. Nf3 Bxf3 30. Qxf3 Qxd3 31. Qxd3 Rxd3 32. Rb2 f6 33. Kf1 Kf7 34. Ke2 e4 35. f3 f5 36. fxe4 fxe4 37. a4 Ke6 38. b4 Ra3 39. a5 bxa5 40. bxa5 Rxa5 41. Rb7 g6 42. Ke3 Ra4 43. g4 h4 0-1

[Event "Sochi ChessAmateur op"]
[Site "Sochi"]
[Date "2018.04.04"]
[Round "5"]
[White "Pashkov, Vladimir M"]
[Black "Chapurin, Alexey V"]
[Result "0-1"]
[WhiteElo "1889"]
[BlackElo "2312"]
[PlyCount "90"]
[EventDate "2018.04.01"]
[EventType "swiss"]
[EventRounds "9"]
[EventCountry "RUS"]
[SourceTitle "CBM 184 Extra"]
[Source "ChessBase"]
[SourceDate "2018.06.28"]
[SourceVersion "1"]
[SourceVersionDate "2018.06.28"]
[SourceQuality "1"]

1. d4 d5 2. Nf3 Nf6 3. e3 g6 4. Bd3 Bg7 5. Nbd2 0-0 6. 0-0 c5 7. c3 Nbd7 8. Re1 Re8 9. e4 dxe4 10. Nxe4 cxd4 11. Nxd4 Nxe4 12. Bxe4 Nc5 13. Bc2 e5 14. Nb3 Nd7 15. Be3 Qc7 16. Qd2 Nb6 17. Rad1 Nc4 18. Qc1 Nxe3 19. Qxe3 b6 20. Be4 Rb8 21. Rd2 a5 22. Red1 a4 23. Na1 Bg4 24. f3 Be6 25. Bd5 Bf8 26. Kh1 a3 27. Bxe6 Rxe6 28. Rd7 Qc6 29. b3 Bd6 30. Ra7 Rc8 31. Nc2 b5 32. Qd2 Bc5 33. Rd7 Be7 34. Rd3 Qb6 35. b4 e4 36. fxe4 Rxe4 37. Nd4 Bf6 38. Re1 Rce8 39. Rde3 Bg5 40. Rxe4 Bxd2 41. Rxe8+ Kg7 42. R1e2 Bxc3 43. Nc2 Qd6 44. g3 Qd5+ 45. Kg1 Qxa2 0-1

[Event "Sochi ChessAmateur op"]
[Site "Sochi"]
[Date "2018.04.03"]
[Round "4"]
[White "Fedotov, Alexey"]
[Black "Pashkov, Vladimir M"]
[Result "0-1"]
[WhiteElo "2158"]
[BlackElo "1889"]
[PlyCount "116"]
[EventDate "2018.04.01"]
[EventType "swiss"]
[EventRounds "9"]
[EventCountry "RUS"]
[SourceTitle "CBM 184 Extra"]
[Source "ChessBase"]
[SourceDate "2018.06.28"]
[SourceVersion "1"]
[SourceVersionDate "2018.06.28"]
[SourceQuality "1"]

1. d4 d5 2. c4 e6 3. Nc3 Nf6 4. cxd5 exd5 5. Bg5 Be7 6. e3 0-0 7. Bd3 h6 8. Bh4 Re8 9. Nge2 c6 10. Qc2 Nbd7 11. 0-0 Nf8 12. Rad1 Ne4 13. Bxe7 Qxe7 14. Bxe4 dxe4 15. Ng3 f5 16. d5 Qe5 17. dxc6 bxc6 18. Qa4 Bd7 19. Rd2 Qc7 20. Rfd1 Rad8 21. Qd4 Be6 22. Qc5 Rxd2 23. Rxd2 Nd7 24. Qd6 Qxd6 25. Rxd6 Ne5 26. Nge2 c5 27. Nf4 Kf7 28. Ra6 Nd3 29. Nxe6 Rxe6 30. Rxa7+ Kf6 31. b3 Rd6 32. Rc7 g5 33. g4 Re6 34. gxf5 Kxf5 35. Rf7+ Ke5 36. Rd7 Kf5 37. f3 Ne5 38. fxe4+ Kg4 39. Rd5 Nf3+ 40. Kg2 Nh4+ 41. Kf2 Rf6+ 42. Ke2 Kh3 43. e5 Re6 44. Ne4 Kxh2 45. Nxc5 Re8 46. e6 Ng6 47. a4 Ne7 48. Rd2 Kh3 49. Kf1 g4 50. a5 g3 51. Kg1 h5 52. b4 h4 53. a6 Nf5 54. b5 Nxe3 55. a7 Rf8 56. Rd1 g2 57. a8Q Rf1+ 58. Rxf1 gxf1Q# 0-1

[Event "Sochi ChessAmateur op"]
[Site "Sochi"]
[Date "2018.04.02"]
[Round "2"]
[White "Velikanov, Igor"]
[Black "Pashkov, Vladimir M"]
[Result "1-0"]
[WhiteElo "2231"]
[BlackElo "1889"]
[PlyCount "61"]
[EventDate "2018.04.01"]
[EventType "swiss"]
[EventRounds "9"]
[EventCountry "RUS"]
[SourceTitle "CBM 184 Extra"]
[Source "ChessBase"]
[SourceDate "2018.06.28"]
[SourceVersion "1"]
[SourceVersionDate "2018.06.28"]
[SourceQuality "1"]

1. d4 d5 2. c4 e6 3. Nc3 Nf6 4. Nf3 c5 5. cxd5 Nxd5 6. e4 Nxc3 7. bxc3 cxd4 8. cxd4 Bb4+ 9. Bd2 Qa5 10. Rb1 Bxd2+ 11. Qxd2 Qxd2+ 12. Kxd2 a6 13. Bd3 0-0 14. Rhc1 Nc6 15. Rb6 Rd8 16. Ke3 g5 17. g4 h5 18. gxh5 g4 19. Rg1 Kf8 20. Ne5 Nxd4 21. Rxg4 f6 22. Ng6+ Kg7 23. Nf4+ Kh8 24. Rg6 Nc6 25. Rg3 Rb8 26. h6 Ne5 27. Ng6+ Nxg6 28. Rxg6 Rf8 29. Rg7 f5 30. exf5 exf5 31. Kf4 1-0

[Event "EU-ch Seniors 50 16th"]
[Site "Yerevan"]
[Date "2016.06.09"]
[Round "5"]
[White "Hayrapetyan, Vladimir"]
[Black "Pashkov, Vladimir M"]
[Result "1-0"]
[WhiteElo "2198"]
[BlackElo "1875"]
[PlyCount "83"]
[EventDate "2016.06.05"]
[EventType "swiss"]
[EventRounds "9"]
[EventCountry "ARM"]
[SourceTitle "CBM 172 Extra"]
[Source "ChessBase"]
[SourceDate "2016.06.21"]
[SourceVersion "1"]
[SourceVersionDate "2016.06.21"]
[SourceQuality "1"]

1. e4 c5 2. Nf3 Nf6 3. Nc3 Nc6 4. d4 cxd4 5. Nxd4 e5 6. Ndb5 d6 7. Bg5 a6 8. Na3 b5 9. Nd5 Be7 10. Bxf6 Bxf6 11. c4 b4 12. Nc2 a5 13. Qf3 Bg5 14. h4 Be7 15. Rd1 0-0 16. c5 f5 17. Nxe7+ Nxe7 18. cxd6 Ng6 19. Bc4+ Kh8 20. h5 Nf4 21. exf5 Bxf5 22. Ne3 Be6 23. Qe4 Qf6 24. Rd2 Bd7 25. h6 Rac8 26. hxg7+ Qxg7 27. Rh2 Rfd8 28. Rxh7+ Qxh7 29. Qxe5+ Qg7 30. Qxf4 Re8 31. Rd5 Rxc4 32. Rh5+ Kg8 33. Qxc4+ Be6 34. Qf4 Rf8 35. Qg5 Bxa2 36. Qxg7+ Kxg7 37. Rxa5 Be6 38. Rb5 b3 39. g4 Rd8 40. Rb6 Kf6 41. f4 Re8 42. d7 1-0

[Event "EU-ch Seniors 50 16th"]
[Site "Yerevan"]
[Date "2016.06.07"]
[Round "3"]
[White "Gridnev, Yury"]
[Black "Pashkov, Vladimir M"]
[Result "1/2-1/2"]
[WhiteElo "2030"]
[BlackElo "1875"]
[PlyCount "114"]
[EventDate "2016.06.05"]
[EventType "swiss"]
[EventRounds "9"]
[EventCountry "ARM"]
[SourceTitle "CBM 172 Extra"]
[Source "ChessBase"]
[SourceDate "2016.06.21"]
[SourceVersion "1"]
[SourceVersionDate "2016.06.21"]
[SourceQuality "1"]

1. d4 d5 2. Nf3 e6 3. Bf4 Bd6 4. Bg3 Nf6 5. Nbd2 b6 6. e3 0-0 7. Bd3 Bb7 8. 0-0 c5 9. c3 Nc6 10. Re1 Rc8 11. Qe2 c4 12. Bc2 b5 13. Bxd6 Qxd6 14. e4 dxe4 15. Nxe4 Qf4 16. g3 Qh6 17. Nd6 Rb8 18. Nxb7 Rxb7 19. h4 Qh5 20. a3 Rfb8 21. Ne5 Qxe2 22. Rxe2 Nxe5 23. Rxe5 Nd5 24. Be4 Rd7 25. Bxd5 Rxd5 26. Rxd5 exd5 27. Re1 Kf8 28. Re5 Rd8 29. Kf1 f6 30. Re6 Kf7 31. Rc6 Ke7 32. Ra6 Rd7 33. Ke2 Kf7 34. Kf3 Ke7 35. Kf4 Kf7 36. f3 Re7 37. Rd6 Re2 38. Rxd5 Rxb2 39. Rd7+ Kf8 40. Rxa7 Rb3 41. Rb7 Rxa3 42. Rxb5 Rxc3 43. Rc5 Rc1 44. Ke3 c3 45. Kd3 Rf1 46. Rxc3 Rxf3+ 47. Kc4 Rxc3+ 48. Kxc3 Ke7 49. Kd3 Kd6 50. Ke4 Ke6 51. g4 g6 52. h5 f5+ 53. gxf5+ gxf5+ 54. Kf4 Kd5 55. Kxf5 Kxd4 56. Kf6 Kd5 57. Kg7 Ke6 1/2-1/2

[Event "Reykjavik op"]
[Site "Reykjavik"]
[Date "2016.03.13"]
[Round "7"]
[White "Pashkov, Vladimir M"]
[Black "Baldursson, Hrannar"]
[Result "0-1"]
[WhiteElo "1881"]
[BlackElo "2124"]
[PlyCount "48"]
[EventDate "2016.03.08"]
[EventType "swiss"]
[EventRounds "10"]
[EventCountry "ISL"]
[SourceTitle "CBM 171 Extra"]
[Source "ChessBase"]
[SourceDate "2016.04.26"]
[SourceVersion "1"]
[SourceVersionDate "2016.04.26"]
[SourceQuality "1"]

1. d4 d6 2. e4 Nf6 3. Nc3 c6 4. Bf4 Qa5 5. f3 e5 6. Be3 Be7 7. Bc4 b5 8. Bb3 Nbd7 9. Nge2 0-0 10. Qd2 Bb7 11. 0-0 exd4 12. Nd5 Qd8 13. Nxe7+ Qxe7 14. Nxd4 g6 15. Rad1 Rfd8 16. Qf2 a6 17. Ne2 c5 18. c3 c4 19. Bc2 d5 20. Qh4 dxe4 21. Rxd7 Rxd7 22. Bg5 exf3 23. Bxf6 Qxe2 24. Qg4 f2+ 0-1

[Event "Reykjavik op"]
[Site "Reykjavik"]
[Date "2016.03.10"]
[Round "4"]
[White "Steinthorsson, Birgir Logi"]
[Black "Pashkov, Vladimir M"]
[Result "0-1"]
[WhiteElo "1045"]
[BlackElo "1881"]
[PlyCount "62"]
[EventDate "2016.03.08"]
[EventType "swiss"]
[EventRounds "10"]
[EventCountry "ISL"]
[SourceTitle "CBM 171 Extra"]
[Source "ChessBase"]
[SourceDate "2016.04.26"]
[SourceVersion "1"]
[SourceVersionDate "2016.04.26"]
[SourceQuality "1"]

1. e4 c5 2. c4 Nc6 3. Nf3 g6 4. d4 cxd4 5. Nxd4 Bg7 6. Be3 Nf6 7. Nc3 0-0 8. Bd3 d6 9. Nd5 Nxd5 10. Nxc6 Nxe3 11. Nxd8 Nxd1 12. Rxd1 Rxd8 13. b3 Bc3+ 14. Ke2 Bd7 15. Rc1 Bd4 16. Rhd1 e5 17. b4 Rdc8 18. Rd2 a6 19. Rdc2 Ba4 20. Rd2 Rc7 21. g3 Rac8 22. f4 b5 23. fxe5 dxe5 24. Bc2 Rxc4 25. Kd3 Rc3+ 26. Ke2 Bxc2 27. g4 Bxe4 28. Rxc3 Rxc3 29. h4 Bf3+ 30. Ke1 Rc1+ 31. Rd1 Rxd1# 0-1

[Event "Wch Seniors 50 24th"]
[Site "Katerini"]
[Date "2014.11.03"]
[Round "10"]
[White "Madeira, Wagner Martins"]
[Black "Pashkov, Vladimir M"]
[Result "1-0"]
[WhiteElo "2207"]
[BlackElo "1818"]
[PlyCount "64"]
[EventDate "2014.10.24"]
[EventType "swiss"]
[EventRounds "11"]
[EventCountry "GRE"]
[SourceTitle "EXT 2015"]
[Source "ChessBase"]
[SourceDate "2014.11.20"]
[SourceVersion "1"]
[SourceVersionDate "2014.11.20"]
[SourceQuality "1"]

1. e4 c5 2. c3 d5 3. exd5 Qxd5 4. d4 Nc6 5. Nf3 Bg4 6. Be2 e6 7. Be3 cxd4 8. cxd4 Bb4+ 9. Nc3 Nf6 10. 0-0 Qd7 11. h3 Bh5 12. g4 Bg6 13. Ne5 Nxe5 14. dxe5 Bxc3 15. bxc3 Nd5 16. Bf3 Nxe3 17. fxe3 Rd8 18. Qd4 Qxd4 19. cxd4 Rd7 20. Rac1 Ke7 21. Rc3 f6 22. exf6+ gxf6 23. Rfc1 e5 24. dxe5 fxe5 25. Rc5 Ke6 26. Bd1 Be4 27. Bb3+ Kd6 28. Ra5 b6 29. Rd1+ Kc7 30. Rxa7+ Bb7 31. Rxb7+ Kxb7 32. Rxd7+ Kc6 1-0

[Event "Wch Seniors 50 24th"]
[Site "Katerini"]
[Date "2014.10.25"]
[Round "2"]
[White "Yasin, Hur"]
[Black "Pashkov, Vladimir M"]
[Result "1-0"]
[WhiteElo "2138"]
[BlackElo "1818"]
[PlyCount "103"]
[EventDate "2014.10.24"]
[EventType "swiss"]
[EventRounds "11"]
[EventCountry "GRE"]
[SourceTitle "EXT 2015"]
[Source "ChessBase"]
[SourceDate "2014.11.20"]
[SourceVersion "1"]
[SourceVersionDate "2014.11.20"]
[SourceQuality "1"]

1. e4 c5 2. Nf3 Nc6 3. d4 cxd4 4. Nxd4 e5 5. Nb5 d6 6. N1c3 a6 7. Na3 Nf6 8. Nc4 b5 9. Ne3 b4 10. Ncd5 Nxe4 11. Qf3 f5 12. Nxf5 Bxf5 13. Qxf5 Nf6 14. Qe6+ Be7 15. Nxf6+ gxf6 16. Be2 Qd7 17. Qd5 h5 18. Bd2 Kd8 19. a3 Ra7 20. axb4 Nd4 21. Bd3 Qc6 22. Qxc6 Nxc6 23. Rxa6 Rxa6 24. Bxa6 d5 25. c3 Kc7 26. Be2 Ra8 27. Bxh5 Ra1+ 28. Bd1 Rb1 29. b3 d4 30. b5 dxc3 31. Bxc3 Nb4 32. 0-0 Kb6 33. h4 Nd5 34. Bd2 Rb2 35. Bc1 Ra2 36. Bf3 Nc3 37. h5 Bf8 38. Bc6 Ne2+ 39. Kh2 Nxc1 40. Rxc1 Rxf2 41. Be8 Bh6 42. Rc6+ Kb7 43. Kg3 Rf1 44. Bf7 Bg5 45. Bd5 Kb8 46. b6 Rd1 47. Rd6 Rd3+ 48. Kg4 Rd4+ 49. Kf5 Kc8 50. b7+ Kc7 51. Rd8 Rb4 52. Rc8+ 1-0

[Event "Wch Seniors 50 24th"]
[Site "Katerini"]
[Date "2014.10.24"]
[Round "1"]
[White "Pashkov, Vladimir M"]
[Black "Heinig, Wolfram"]
[Result "0-1"]
[WhiteElo "1818"]
[BlackElo "2296"]
[PlyCount "108"]
[EventDate "2014.10.24"]
[EventType "swiss"]
[EventRounds "11"]
[EventCountry "GRE"]
[SourceTitle "EXT 2015"]
[Source "ChessBase"]
[SourceDate "2014.11.20"]
[SourceVersion "1"]
[SourceVersionDate "2014.11.20"]
[SourceQuality "1"]

1. d4 Nf6 2. Nf3 g6 3. c4 Bg7 4. Nc3 0-0 5. e4 d6 6. Be2 e5 7. dxe5 dxe5 8. 0-0 Nbd7 9. Qc2 c6 10. Be3 Qe7 11. Rad1 Re8 12. Rfe1 Ng4 13. Bg5 f6 14. Bc1 Nh6 15. Bf1 Nf8 16. a3 Bg4 17. Be2 Ne6 18. Be3 Nf7 19. h3 Bxf3 20. Bxf3 Bh6 21. Bxh6 Nxh6 22. Qd2 Nf7 23. Qd7 Nd4 24. Qxe7 Rxe7 25. c5 Rd8 26. Kf1 Nb3 27. Na4 Red7 28. Ke2 Rd4 29. Rxd4 Rxd4 30. Nc3 Nxc5 31. Rd1 Ng5 32. Ke3 Nxf3 33. Kxf3 Rxd1 34. Nxd1 Kf7 35. Ke3 a5 36. f3 Ke6 37. Nf2 Kd6 38. h4 b5 39. g3 Na4 40. Nd3 Nb6 41. f4 c5 42. g4 c4 43. Ne1 exf4+ 44. Kxf4 Na4 45. g5 fxg5+ 46. Kxg5 Nxb2 47. Kh6 Nd3 48. Nf3 c3 49. Nd4 Ke5 50. Nc2 b4 51. axb4 axb4 52. Kxh7 b3 53. Na3 Nf4 54. h5 gxh5 0-1

[Event "Karelia-ch"]
[Site "Petrozavodsk"]
[Date "2014.02.23"]
[Round "9"]
[White "Loboda, Alexey M"]
[Black "Pashkov, Vladimir M"]
[Result "1/2-1/2"]
[WhiteElo "1858"]
[BlackElo "1868"]
[PlyCount "75"]
[EventDate "2014.02.18"]
[EventType "swiss"]
[EventRounds "9"]
[EventCountry "RUS"]
[SourceTitle "EXT 2016"]
[Source "ChessBase"]
[SourceDate "2015.10.08"]
[SourceVersion "1"]
[SourceVersionDate "2015.10.08"]
[SourceQuality "1"]

1. e4 c5 2. Nf3 Nc6 3. Bc4 Nf6 4. Nc3 e6 5. d3 d5 6. exd5 exd5 7. Bb3 Qe7+ 8. Qe2 Qxe2+ 9. Kxe2 Be6 10. Re1 0-0-0 11. Bf4 Bd6 12. Bxd6 Rxd6 13. Rad1 a6 14. h3 Kc7 15. a3 d4 16. Nb1 Bxb3 17. cxb3 Re8+ 18. Kf1 Rde6 19. Ng5 Rxe1+ 20. Rxe1 Rxe1+ 21. Kxe1 Ne5 22. Ke2 h6 23. Nf3 Kd6 24. Nbd2 Nxf3 25. Kxf3 Kd5 26. g4 b5 27. Kg3 Nd7 28. f4 Nb6 29. Kf3 c4 30. Ke2 c3 31. bxc3 dxc3 32. Ne4 Kd4 33. Nd6 Nd5 34. Nf5+ Kc5 35. d4+ Kb6 36. Kd3 Nxf4+ 37. Kxc3 Nxh3 38. Ne3 1/2-1/2

[Event "Karelia-ch"]
[Site "Petrozavodsk"]
[Date "2014.02.20"]
[Round "4"]
[White "Stebunov, Alexander A"]
[Black "Pashkov, Vladimir M"]
[Result "0-1"]
[WhiteElo "1977"]
[BlackElo "1868"]
[PlyCount "74"]
[EventDate "2014.02.18"]
[EventType "swiss"]
[EventRounds "9"]
[EventCountry "RUS"]
[SourceTitle "EXT 2016"]
[Source "ChessBase"]
[SourceDate "2015.10.08"]
[SourceVersion "1"]
[SourceVersionDate "2015.10.08"]
[SourceQuality "1"]

1. e4 c5 2. d4 cxd4 3. c3 dxc3 4. Nxc3 Nc6 5. Nf3 Nf6 6. Bc4 e6 7. 0-0 Be7 8. e5 Ng4 9. Qe2 d5 10. exd6 Qxd6 11. Rd1 Qb8 12. g3 a6 13. Nd4 h5 14. h3 Nxd4 15. Rxd4 Bc5 16. Bf4 Qa7 17. Ne4 Bxd4 18. Nd6+ Ke7 19. hxg4 Rd8 20. Nf5+ Kf8 21. Bd6+ Kg8 22. Ne7+ Kh8 23. Ba3 Bd7 24. g5 g6 25. Rd1 Bb5 26. Bxb5 axb5 27. Kg2 Qb6 28. Rh1 Kg7 29. g4 Rxa3 30. gxh5 Qc5 31. hxg6 Qxg5+ 32. Kf1 fxg6 33. Qxe6 Rf3 34. Rh2 Rdf8 35. Nf5+ Qxf5 36. Qe7+ Rf7 37. Qh4 Rxf2+ 0-1

[Event "Karelian Winter amateur"]
[Site "Petrozavodsk"]
[Date "2013.12.14"]
[Round "5"]
[White "Klestov, Sergey A"]
[Black "Pashkov, Vladimir M"]
[Result "1-0"]
[WhiteElo "1823"]
[BlackElo "1868"]
[PlyCount "95"]
[EventDate "2013.12.12"]
[EventType "swiss"]
[EventRounds "7"]
[EventCountry "RUS"]
[SourceTitle "EXT 2022"]
[Source "ChessBase"]
[SourceDate "2021.10.06"]
[SourceVersion "1"]
[SourceVersionDate "2021.10.06"]
[SourceQuality "1"]

1. e4 c5 2. Nf3 Nc6 3. d4 cxd4 4. Nxd4 e5 5. Nb3 Nf6 6. Nc3 d6 7. f3 Be6 8. Bg5 Be7 9. Qd2 h6 10. Be3 d5 11. exd5 Nxd5 12. Nxd5 Qxd5 13. Qxd5 Bxd5 14. 0-0-0 0-0-0 15. Bd3 Bg5 16. Bxg5 hxg5 17. c3 Rhe8 18. Rd2 e4 19. fxe4 Bxe4 20. Bxe4 Rxe4 21. Rxd8+ Kxd8 22. Rd1+ Kc7 23. Nc5 Re7 24. Kc2 b6 25. Nb3 Re4 26. Rd2 Rh4 27. h3 Rf4 28. Nc1 Ne5 29. Nd3 Nxd3 30. Kxd3 Rf6 31. Ke4 g6 32. b3 Rf4+ 33. Ke3 b5 34. Rd5 Rf5 35. Rxf5 gxf5 36. Kd4 Kd6 37. g3 Ke6 38. c4 bxc4 39. bxc4 Kd6 40. c5+ Kc6 41. Ke5 Kxc5 42. Kxf5 Kb4 43. h4 gxh4 44. gxh4 Ka3 45. h5 Kxa2 46. h6 a5 47. h7 a4 48. h8Q 1-0

[Event "San Sebastian op 36th"]
[Site "San Sebastian"]
[Date "2013.03.25"]
[Round "4"]
[White "Pashkov, Vladimir M"]
[Black "Silva Rodriguez, Fernando"]
[Result "0-1"]
[WhiteElo "1923"]
[BlackElo "2175"]
[PlyCount "42"]
[EventDate "2013.03.23"]
[EventType "swiss"]
[EventRounds "9"]
[EventCountry "ESP"]
[SourceTitle "CBM 153 Extra"]
[Source "ChessBase"]
[SourceDate "2013.04.22"]
[SourceVersion "1"]
[SourceVersionDate "2013.04.22"]
[SourceQuality "1"]

1. d4 Nf6 2. Nf3 d5 3. e3 c5 4. b3 Nc6 5. Bb2 Bg4 6. Be2 e6 7. 0-0 cxd4 8. Nxd4 Bxe2 9. Qxe2 a6 10. c4 Nxd4 11. Bxd4 dxc4 12. Qxc4 Be7 13. Nc3 0-0 14. Rfd1 Qa5 15. Qa4 Qf5 16. Bb6 Rac8 17. Rac1 Rc6 18. Ba5 Rfc8 19. Ne2 Rxc1 20. Rxc1 Rxc1+ 21. Nxc1 Qd5 0-1

[Event "Karelian Autumn"]
[Site "Petrozavodsk"]
[Date "2012.10.14"]
[Round "3"]
[White "Baganov, Dmitry"]
[Black "Pashkov, Vladimir M"]
[Result "0-1"]
[WhiteElo "1899"]
[BlackElo "1888"]
[PlyCount "68"]
[EventDate "2012.10.14"]
[EventType "swiss"]
[EventRounds "9"]
[EventCountry "RUS"]
[SourceTitle "EXT 2013"]
[Source "ChessBase"]
[SourceDate "2012.11.22"]
[SourceVersion "1"]
[SourceVersionDate "2012.11.22"]
[SourceQuality "1"]

1. d4 d5 2. c4 e6 3. Nc3 Nf6 4. Bg5 Be7 5. Nf3 0-0 6. e3 Nc6 7. a3 a5 8. Qb3 dxc4 9. Bxc4 Bd7 10. 0-0 Ne8 11. Bxe7 Qxe7 12. d5 Nd8 13. Rfe1 Nd6 14. e4 a4 15. Qa2 e5 16. b3 b6 17. Qb2 N8b7 18. Bd3 Nc5 19. Bc2 axb3 20. Bxb3 Ra5 21. Nd2 Nd3 22. Qa2 Nxe1 23. Rxe1 Nb5 24. Nxb5 Bxb5 25. Ra1 Rfa8 26. d6 Qxd6 27. Bxf7+ Kh8 28. Qb2 c6 29. Nc4 Bxc4 30. Bxc4 b5 31. Bf1 Rxa3 32. Rxa3 Rxa3 33. g3 h6 34. Qc2 b4 0-1

[Event "Karelia-ch 65th"]
[Site "Kondopoga"]
[Date "2012.02.25"]
[Round "7"]
[White "Pashkov, Vladimir M"]
[Black "Loboda, Alexey M"]
[Result "1-0"]
[WhiteElo "1884"]
[BlackElo "1861"]
[PlyCount "115"]
[EventDate "2012.02.21"]
[EventType "swiss"]
[EventRounds "9"]
[EventCountry "RUS"]
[SourceTitle "EXT 2013"]
[Source "ChessBase"]
[SourceDate "2012.11.22"]
[SourceVersion "1"]
[SourceVersionDate "2012.11.22"]
[SourceQuality "1"]

1. d4 Nf6 2. Nf3 d5 3. e3 g6 4. Bd3 Bg7 5. Nbd2 0-0 6. b3 c6 7. Bb2 Bg4 8. h3 Bd7 9. 0-0 Qc8 10. Ne5 Bf5 11. Qe2 Bxd3 12. Qxd3 Na6 13. c4 e6 14. Rac1 Nd7 15. e4 Nxe5 16. dxe5 Nc5 17. Qe3 Nxe4 18. Nxe4 dxe4 19. Qxe4 Rd8 20. Rcd1 Qc7 21. f4 Qa5 22. Qc2 Bh6 23. Bc1 Rxd1 24. Rxd1 Rd8 25. Be3 Rxd1+ 26. Qxd1 Bf8 27. Qd2 Qc7 28. Qd4 c5 29. Qd3 Be7 30. Kf2 Kf8 31. Qe4 Qd7 32. Ke2 b5 33. cxb5 Qxb5+ 34. Kf2 Qa6 35. a4 Qb6 36. Qc4 a6 37. b4 Qxb4 38. Qxa6 Qb2+ 39. Kf3 Qb3 40. Qc8+ Kg7 41. Qd7 Bf8 42. a5 c4 43. Qc7 Bb4 44. a6 Bd2 45. Qc5 c3 46. a7 c2 47. a8Q Qxe3+ 48. Qxe3 Bxe3 49. Kxe3 c1Q+ 50. Kf3 Qd1+ 51. Ke3 Qg1+ 52. Kf3 h5 53. Qa2 Qd4 54. Qf2 Qd5+ 55. Ke3 g5 56. Qg3 Qb3+ 57. Kf2 Qc2+ 58. Kf3 1-0

[Event "Karelia-ch 65th"]
[Site "Kondopoga"]
[Date "2012.02.22"]
[Round "2"]
[White "Yachmenev, Mikhail A"]
[Black "Pashkov, Vladimir M"]
[Result "0-1"]
[WhiteElo "2208"]
[BlackElo "1884"]
[PlyCount "49"]
[EventDate "2012.02.21"]
[EventType "swiss"]
[EventRounds "9"]
[EventCountry "RUS"]
[SourceTitle "EXT 2013"]
[Source "ChessBase"]
[SourceDate "2012.11.22"]
[SourceVersion "1"]
[SourceVersionDate "2012.11.22"]
[SourceQuality "1"]

1. e4 c5 2. Nf3 Nf6 3. d3 Nc6 4. Be2 d6 5. 0-0 e5 6. c3 Be7 7. a3 0-0 8. b4 a6 9. Nbd2 h6 10. Re1 Be6 11. Bb2 Qc7 12. Rc1 d5 13. exd5 Nxd5 14. Bf1 Nf4 15. Ne4 b6 16. Qc2 Rfd8 17. Ng3 f5 18. a4 b5 19. axb5 axb5 20. bxc5 Bxc5 21. d4 e4 22. Nd2 Ba3 23. Bxa3 Rxa3 24. Qb1 Rb8 25. Be2 0-1

[Event "Karelian Autumn"]
[Site "Petrozavodsk"]
[Date "2011.10.12"]
[Round "6"]
[White "Pashkov, Vladimir M"]
[Black "Stebunov, Alexander A"]
[Result "0-1"]
[WhiteElo "1889"]
[BlackElo "1945"]
[PlyCount "60"]
[EventDate "2011.10.08"]
[EventType "swiss"]
[EventRounds "9"]
[EventCountry "RUS"]
[SourceTitle "EXT 2012"]
[Source "ChessBase"]
[SourceDate "2011.11.24"]
[SourceVersion "1"]
[SourceVersionDate "2011.11.24"]
[SourceQuality "1"]

1. d4 Nf6 2. Nf3 g6 3. g3 Bg7 4. Bg2 c5 5. 0-0 cxd4 6. Nxd4 0-0 7. e4 d6 8. h3 Qb6 9. Nb3 Nc6 10. Be3 Qd8 11. Nc3 Be6 12. Qd2 Ne5 13. Bh6 Bxh3 14. Bxg7 Kxg7 15. Qg5 Qd7 16. f3 h6 17. Qe3 Bxg2 18. Kxg2 b6 19. Rh1 Rh8 20. Rad1 Rac8 21. Rh3 g5 22. Rdh1 g4 23. Rxh6 gxf3+ 24. Kf1 Qg4 25. Nd4 e6 26. Nd5 Nc4 27. Qc1 Nxe4 28. Rxh8 Rxh8 29. Rxh8 Ned2+ 30. Qxd2 Nxd2+ 0-1

[Event "Karelian Autumn"]
[Site "Petrozavodsk"]
[Date "2011.10.11"]
[Round "5"]
[White "Yaakkimainen, Vyaino R"]
[Black "Pashkov, Vladimir M"]
[Result "1/2-1/2"]
[WhiteElo "2212"]
[BlackElo "1889"]
[PlyCount "75"]
[EventDate "2011.10.08"]
[EventType "swiss"]
[EventRounds "9"]
[EventCountry "RUS"]
[SourceTitle "EXT 2012"]
[Source "ChessBase"]
[SourceDate "2011.11.24"]
[SourceVersion "1"]
[SourceVersionDate "2011.11.24"]
[SourceQuality "1"]

1. e4 e5 2. Nf3 Nc6 3. Bb5 d6 4. d4 exd4 5. Qxd4 Bd7 6. Bxc6 Bxc6 7. Nc3 Nf6 8. Bg5 Be7 9. 0-0-0 0-0 10. Rhe1 Nd7 11. h4 Bf6 12. Qd2 Re8 13. Nd4 Ne5 14. f4 Ng6 15. g3 h6 16. Bxf6 Qxf6 17. h5 Nf8 18. g4 Ne6 19. Nf5 a5 20. Rg1 a4 21. a3 b5 22. Nd5 Bxd5 23. exd5 Nc5 24. Qd4 Qxd4 25. Rxd4 Re4 26. g5 hxg5 27. Rxg5 Rxd4 28. Nxd4 Ne4 29. Rg1 Nf6 30. h6 g6 31. f5 Kh7 32. fxg6+ fxg6 33. Nxb5 Nxd5 34. Rg5 Ne3 35. Kd2 Nc4+ 36. Kc3 Kxh6 37. Rg2 Ne5 38. Kd4 1/2-1/2

[Event "Karelian Autumn"]
[Site "Petrozavodsk"]
[Date "2011.10.08"]
[Round "1"]
[White "Toivonen, Alexander"]
[Black "Pashkov, Vladimir M"]
[Result "1-0"]
[WhiteElo "2245"]
[BlackElo "1889"]
[PlyCount "40"]
[EventDate "2011.10.08"]
[EventType "swiss"]
[EventRounds "9"]
[EventCountry "RUS"]
[SourceTitle "EXT 2012"]
[Source "ChessBase"]
[SourceDate "2011.11.24"]
[SourceVersion "1"]
[SourceVersionDate "2011.11.24"]
[SourceQuality "1"]

1. d4 e6 2. Nf3 d5 3. c4 Nf6 4. Nc3 c6 5. e3 Bd6 6. Bd3 Nbd7 7. e4 dxe4 8. Nxe4 Nxe4 9. Bxe4 Nf6 10. Bc2 Qc7 11. 0-0 0-0 12. Qd3 h6 13. Re1 Bd7 14. Ne5 c5 15. Ng4 Rfe8 16. Bxh6 Nh5 17. Qh7+ Kf8 18. Bg5 Nf6 19. Nxf6 Bxh2+ 20. Kh1 Ke7 1-0